Materials Processing in Magnetic Fields: proceedings of the International Workshop on Materials Analysis and Processing in Magnetic Fields, Tallahassee, Florida, 17-19 March, 2004
Processing in magnetic fields is a rapidly expanding research area with a wide range of promising applications in materials science, development and design. Numerous research centers dedicated to materials research and processing in magnetic fields have been created around the world
Sparad:
| Materialtyp: | Bok |
|---|---|
| Språk: | Undetermined |
| Publicerad: |
Hackensack, N.J.
World Scientific
2005
|
| Ämnen: | |
| Taggar: |
Lägg till en tagg
Inga taggar, Lägg till första taggen!
|
| Thư viện lưu trữ: | Trung tâm Học liệu Trường Đại học Cần Thơ |
|---|
| LEADER | 01045nam a2200217Ia 4500 | ||
|---|---|---|---|
| 001 | CTU_156977 | ||
| 008 | 210402s9999 xx 000 0 und d | ||
| 020 | |c 176 | ||
| 082 | |a 620.11 | ||
| 082 | |b M425 | ||
| 245 | 0 | |a Materials Processing in Magnetic Fields: | |
| 245 | 0 | |b proceedings of the International Workshop on Materials Analysis and Processing in Magnetic Fields, Tallahassee, Florida, 17-19 March, 2004 | |
| 245 | 0 | |c editors, Hans J. Schneider-Muntau, Hitoshi Wada | |
| 260 | |a Hackensack, N.J. | ||
| 260 | |b World Scientific | ||
| 260 | |c 2005 | ||
| 520 | |a Processing in magnetic fields is a rapidly expanding research area with a wide range of promising applications in materials science, development and design. Numerous research centers dedicated to materials research and processing in magnetic fields have been created around the world | ||
| 650 | |a Magnetic fields,Magnetic fields,Từ trường | ||
| 650 | |x Industrial applications | ||
| 904 | |i Nguyên | ||
| 980 | |a Trung tâm Học liệu Trường Đại học Cần Thơ | ||